Historie padělání peněz a cenných papírů
História falšovania peňazí. Štátni a politickí falšovatelia. Medzi používané vojnové taktické aktivity patrila i snaha poškodiť nepriateľskú ekonomiku falšovaním meny. Falošné peniaze ako zbraň. Boj vlád proti falšovaniu. Falšovanie a podvody so šekmi a kartami. Odhady strát z falšovania škov. Falšo...
Salvato in:
| Natura: | Capitolo di libro |
|---|---|
| Lingua: | ceco |
| Soggetti: | |
| Tags: |
Nessun Tag, puoi essere il primo ad aggiungerne!!
|
MARC
| LEADER | 00000naa$a2200000$$$4500 | ||
|---|---|---|---|
| 001 | 0041945 | ||
| 005 | 20231010085746.3 | ||
| 041 | 0 | |a cze | |
| 044 | |a CZ | ||
| 245 | 1 | 0 | |a Historie padělání peněz a cenných papírů |
| 520 | |a História falšovania peňazí. Štátni a politickí falšovatelia. Medzi používané vojnové taktické aktivity patrila i snaha poškodiť nepriateľskú ekonomiku falšovaním meny. Falošné peniaze ako zbraň. Boj vlád proti falšovaniu. Falšovanie a podvody so šekmi a kartami. Odhady strát z falšovania škov. Falšovanie účtovných kníh. Falšovanie listén a predchodcovia nigérijských dopisov. | ||
| 610 | 2 | 0 | |a falzifikáty |
| 610 | 2 | 0 | |a podvody bankové |
| 610 | 2 | 0 | |a bankovky |
| 610 | 2 | 0 | |a peniaze |
| 610 | 2 | 0 | |a papiere cenné |
| 610 | 2 | 0 | |a história |